Les 15 animaux les plus dangereux - Statistiques

Statistiques générales
  • Ce quiz a été pris 1 273 fois
  • Le résultat moyen est 7 sur 15
Statistiques - réponses
Animaux % Correct
Lion
91%
Requin
84%
Moustique
78%
Serpent
77%
Chien
69%
Elephant
66%
Hippopotame
66%
Crocodile
60%
Loup
50%
Méduse
26%
Humain
18%
Grizzly
10%
Buffle
9%
Escargot d'eau douce
3%
Réduve (punaise assassine)
0%
Aucun quiz correspondant
Distribution des résultats
% des personnes avec chaque résultat
Percentile par nombre de réponses
Votre historique - résultats
Vous n’avez pas pris ce quiz